00372nam a22001217a 4500082001300000100001800013245006100031260001700092300000800109942000700117999001700124952010900141 a620.3FRA aFrancis S Tse aMeasurement mechanical vibrations theory and application aLondonc1979 a449 cBK c12343d12343 00104070aQUESTCLbQUESTCLd2015-02-12g293.00l0o620.3FRAp7199r2015-02-12 00:00:00w2015-02-12yBK